00000000nas 2200000zi 4500
0019.939155
003CaOODSP
00520240628100036
006m     o  d f      
007cr |||||||||||
008240607d19901993oncar p o    f0###a0eng|d
040 |aCaOODSP|beng|erda|cCaOODSP
043 |an-cn---
0861 |aEn11-22E-PDF
1101 |aCanada. |bEnvironment Canada. |bEnergy Research & Development Programme, |eauthor, |eissuing body.
24510|aAnnual report / |cEnvironment Canada, Energy Research & Development Program.
2463 |aEnergy Research and Development Program annual report
264 1|aOttawa : |bOffice of the Science Advisor, |c1991-[1994]
310 |aAnnual
336 |atext|btxt|2rdacontent
337 |acomputer|bc|2rdamedia
338 |aonline resource|bcr|2rdacarrier
3620 |a1989/90-1993.
500 |aDigitized edition from print [produced by Environment and Climate Change Canada].
588 |aDescription based on: 1989/1990.
588 |aLatest issue consulted:1989/1990.
650 0|aEnvironmental policy|zCanada|vPeriodicals.
650 0|aEnergy development|zCanada|vPeriodicals.
650 0|aPower resources|xResearch|zCanada|vPeriodicals.
650 6|aEnvironnement|xPolitique gouvernementale|zCanada|vPériodiques.
650 6|aÉnergie|xDéveloppement|zCanada|vPériodiques.
650 6|aRessources énergétiques|xRecherche|zCanada|vPériodiques.
655 7|aPeriodicals|2lcgft
655 7|aPériodiques|2rvmgf
7101 |aCanada.|bEnvironment Canada. |bOffice of the Science Advisor, |eissuing body.